| 000 | 01634cam a22004097a 4500 | ||
|---|---|---|---|
| 001 | 17078903 | ||
| 003 | ARRUPE | ||
| 005 | 20131205135140.0 | ||
| 008 | 111031s2011 enkabf b 001 0 eng d | ||
| 010 | _a 2011507457 | ||
| 015 |
_aGBB152305 _2bnb |
||
| 015 |
_aGBB152305 _2dnb |
||
| 016 | 7 |
_a015798549 _2Uk |
|
| 020 | _a9780007338092 (hbk.) | ||
| 020 | _a0007338090 (hbk.) | ||
| 020 | _a9780007431205 (pbk) | ||
| 020 | _a0007431201 (pbk) | ||
| 035 | _a(OCoLC)ocn752772437 | ||
| 040 |
_aUKMGB _cUKMGB _dAU@ _dNDD _dYDXCP _dDEBBG _dS3O _dDLC |
||
| 042 | _alccopycat | ||
| 050 | 0 | 0 |
_aD743 _b.H355 2011 |
| 082 | 0 | 4 |
_a940.53 _222 |
| 084 |
_a8 _2ssgn |
||
| 100 | 1 |
_aHastings, Max. _95196 |
|
| 245 | 1 | 0 |
_aAll hell let loose : _bthe world at war 1939-45 / _cMax Hastings. |
| 260 |
_aLondon : _bHarperPress, _c2011. |
||
| 300 |
_axx, 748 p., [48] p. of plates : _bill., maps ; _c24 cm. |
||
| 504 | _aIncludes bibliographical references (p. [711]-718) and index. | ||
| 520 | _aA magisterial history of the greatest and most terrible event in history, from one of the finest historians of the Second World War. A book which shows the impact of war upon hundreds of millions of people around the world- soldiers, sailors and airmen; housewives, farm workers and children. | ||
| 650 | 0 |
_aWorld War, 1939-1945. _95197 |
|
| 650 | 0 |
_aWorld War, 1939-1945 _xSocial aspects. _95198 |
|
| 650 | 4 |
_aWorld War, 1939-1945 _xSocial aspects. _95199 |
|
| 650 | 4 |
_aWorld War, 1939-1945. _95200 |
|
| 906 |
_a7 _bcbc _ccopycat _d2 _encip _f20 _gy-gencatlg |
||
| 942 |
_2lcc _cMONOGRAPH |
||
| 999 |
_c119101 _d119101 |
||